| 000 | 00502nam a22001457a 4500 | ||
|---|---|---|---|
| 008 | 140822b xxu||||| |||| 00| 0 eng d | ||
| 020 | _a0406090637 | ||
| 050 | _aKD277.7.L39(1868-69 vol.4) | ||
| 245 |
_aThe Law Reports(1868-69 vol.4): Court of Queen's Bench. / _cEdited by J. R. Bulwer. |
||
| 260 |
_aLondon: _bButterworth & Co. Ltd, _c1869. |
||
| 300 |
_axii, 741p.: _c24cm. |
||
| 440 |
_pQueen's Bench, Michaelmas Term 1968 to Trinity Term 1969. _vvol 4. |
||
| 800 | _aBulwer, J. R. | ||
| 942 |
_2lcc _cBK |
||
| 999 |
_c3667 _d11167 |
||